<?xml version="1.0" encoding="UTF-8"?><?xml-stylesheet type="text/xsl" href="static/style.xsl"?><OAI-PMH xmlns="http://www.openarchives.org/OAI/2.0/" xmlns:xsi="http://www.w3.org/2001/XMLSchema-instance" xsi:schemaLocation="http://www.openarchives.org/OAI/2.0/ http://www.openarchives.org/OAI/2.0/OAI-PMH.xsd"><responseDate>2026-04-29T17:05:37Z</responseDate><request verb="GetRecord" identifier="oai:riubu.ubu.es:10259/11293" metadataPrefix="marc">https://riubu.ubu.es/oai/request</request><GetRecord><record><header><identifier>oai:riubu.ubu.es:10259/11293</identifier><datestamp>2026-01-28T01:05:29Z</datestamp><setSpec>com_10259_9401</setSpec><setSpec>com_10259_5087</setSpec><setSpec>com_10259_2728</setSpec><setSpec>col_10259_9402</setSpec></header><metadata><record xmlns="http://www.loc.gov/MARC21/slim" xmlns:doc="http://www.lyncode.com/xoai" xmlns:xsi="http://www.w3.org/2001/XMLSchema-instance" xmlns:dcterms="http://purl.org/dc/terms/" xsi:schemaLocation="http://www.loc.gov/MARC21/slim http://www.loc.gov/standards/marcxml/schema/MARC21slim.xsd">
<leader>00925njm 22002777a 4500</leader>
<datafield tag="042" ind1=" " ind2=" ">
<subfield code="a">dc</subfield>
</datafield>
<datafield tag="720" ind1=" " ind2=" ">
<subfield code="a">Goiriena Mendizaba, Line</subfield>
<subfield code="e">author</subfield>
</datafield>
<datafield tag="260" ind1=" " ind2=" ">
<subfield code="c">2025-06</subfield>
</datafield>
<datafield tag="520" ind1=" " ind2=" ">
<subfield code="a">Introducción: La reducción de la tasa de mortalidad infantil, a pesar de su notable&#xd;
disminución a nivel mundial, continúa siendo uno de los propósitos de las agendas&#xd;
internacionales. En España, la mortalidad infantil es de 3 defunciones por cada 1.000&#xd;
nacidos vivos. En cambio, en países del África Subsahariana como Uganda, la tasa&#xd;
asciende a 40 muertes. Entre los principales agentes causantes de la muerte infantil, se&#xd;
encuentran las enfermedades diarreicas. La OMS, como medidas preventivas, establece: el&#xd;
acceso a agua potable, saneamiento adecuado, el lavado de manos con agua y jabón, una&#xd;
higiene personal y alimentaria apropiadas, la lactancia materna exclusiva, educación para la&#xd;
salud y la vacunación.&#xd;
Objetivos: El diseño de una propuesta de intervención de educación en salud, para la&#xd;
reducción de la transmisión de enfermedades diarreicas en Entebbe, Uganda.&#xd;
Metodología: El proyecto está diseñado bajo la Metodología de Marco Lógico, a través del&#xd;
cual se analizó el problema y sus involucrados. Posteriormente, se creó un árbol de&#xd;
objetivos y se diseñó una matriz de planificación con diferentes intervenciones.&#xd;
Conclusiones: Las enfermedades diarreicas continúan siendo un problema potencial con&#xd;
relación a la mortalidad infantil, sobre todo en aquellos países en vías de desarrollo.&#xd;
Impulsar proyectos que fomenten la educación para la salud, dirigidos a la promoción y&#xd;
prevención de estas enfermedades, reducirá el número de infecciones y mejorará la salud&#xd;
de la comunidad local.</subfield>
</datafield>
<datafield tag="520" ind1=" " ind2=" ">
<subfield code="a">Introduction: Reducing the infant mortality rate, despite its significant global decline, remains one of the goals of international agendas. In Spain, the infant mortality rate is 3 deaths per 1,000 live births. In contrast, in sub-Saharan African countries like Uganda, the rate rises to 40 deaths. Among the main causes of infant death are diarrhoeal diseases. The WHO, as preventive measures, recommends: access to safe drinking water, adequate sanitation, handwashing with soap and water, proper personal and food hygiene, exclusive breastfeeding, health education, and vaccination. Objectives: Design of a health education intervention proposal to reduce the transmission of diarrhoeal diseases in Entebbe, Uganda. Methodology: The project was developed using the Logical Framework Approach (LFA), which involved analysing the problem and identifying the stakeholders involved. Subsequently, an objective tree was constructed, leading to the design of a planning matrix that outlines various proposals and interventions. Conclusions: Diarrhoeal diseases continue to pose a significant threat to child mortality, particularly in developing countries. Implementing health education initiatives aimed at promoting and preventing these diseases can substantially reduce infection rates and enhance the health of local communities.</subfield>
</datafield>
<datafield tag="024" ind2=" " ind1="8">
<subfield code="a">https://hdl.handle.net/10259/11293</subfield>
</datafield>
<datafield ind1=" " ind2=" " tag="653">
<subfield code="a">Mortalidad infantil</subfield>
</datafield>
<datafield ind1=" " ind2=" " tag="653">
<subfield code="a">Diarrea</subfield>
</datafield>
<datafield ind1=" " ind2=" " tag="653">
<subfield code="a">Educación en salud</subfield>
</datafield>
<datafield ind1=" " ind2=" " tag="653">
<subfield code="a">Higiene personal</subfield>
</datafield>
<datafield ind1=" " ind2=" " tag="653">
<subfield code="a">Agua potable</subfield>
</datafield>
<datafield ind1=" " ind2=" " tag="653">
<subfield code="a">Infant mortality</subfield>
</datafield>
<datafield ind1=" " ind2=" " tag="653">
<subfield code="a">Diarrhea</subfield>
</datafield>
<datafield ind1=" " ind2=" " tag="653">
<subfield code="a">Health education</subfield>
</datafield>
<datafield ind1=" " ind2=" " tag="653">
<subfield code="a">Personal hygiene</subfield>
</datafield>
<datafield ind1=" " ind2=" " tag="653">
<subfield code="a">Drinking water</subfield>
</datafield>
<datafield tag="245" ind1="0" ind2="0">
<subfield code="a">Proyecto de intervención. Educación en salud para disminuir la transmisión de enfermedades diarreicas en la población infantil del distrito de Wakiso, Uganda</subfield>
</datafield>
</record></metadata></record></GetRecord></OAI-PMH>